000 01750cam a2200373 a 4500
999 _c17880
_d17880
001 3541630
003 ARRUPE
005 20170614105456.0
008 970220s1998 enkab b 001 0 eng
010 _a 97006026
020 _a0521592267
020 _a0521597609 (pbk.)
040 _aDLC
_cDLC
_dDLC
043 _af-gm---
_af-sg---
050 0 0 _aDT532.25
_b.B3713 1998
082 0 0 _a966.305
_221
100 1 _aBarry, Boubacar.
_932575
240 1 0 _aSénégambie du XVe au XIXe siècle.
_lEnglish
245 1 0 _aSenegambia and the Atlantic slave trade /
_cBoubacar Barry ; translated from the French by Ayi Kwei Armah.
260 _aCambridge, U.K. ;
_aNew York :
_bCambridge University Press,
_c1998.
300 _axxi, 358 p. :
_bill., map ;
_c24 cm.
440 0 _aAfrican studies series ;
_v92
_91224
500 _aThis book is about the greater Senegambia region bordered by the Atlantic ocean, the Sahara desert, the savanna grasslands and the equatorial forest.
504 _aIncludes bibliographical references (p. 334-349) and index.
651 0 _aSenegambia
_xHistory.
_932576
856 4 1 _3Sample text
_uhttp://www.loc.gov/catdir/samples/cam034/97006026.html
856 4 2 _3Publisher description
_uhttp://www.loc.gov/catdir/description/cam028/97006026.html
856 4 1 _3Table of contents
_uhttp://www.loc.gov/catdir/toc/cam022/97006026.html
906 _a7
_bcbc
_corignew
_d1
_eocip
_f19
_gy-gencatlg
942 _2lcc
_cMONOGRAPH